000
00294nam a22001337a 4500
008
170830b xxu||||| |||| 00| 0 eng d
020
_a
9780073526188
041
_a
eng
080
_2
8 ED
_a
070
100
_a
39
101
_a
MED
245
_a
MASS MEDIA LAW
_c
PEMBER.D.R
942
_2
udc
_c
BK
999
_c
25530
_d
25530